000 00390nam a2200157Ia 4500
008 230917s9999||||xx |||||||||||||| ||und||
040 _e202371
_aMAIN
041 _aEnglish
082 _a910.02 A18D(2)
100 _aArbogast, Alan F
245 0 _aDiscovering physical geography
250 _a2nd ed.
260 _aHoboken
_bJohn Wiley
_c2011
300 _axxxiii, 639 p.
942 _cBK
999 _c171086
_d171086